India : a reference annual 1976 (Record no. 5076)

MARC details
000 -LEADER
fixed length control field 00584nam a2200181Ia 4500
003 - CONTROL NUMBER IDENTIFIER
control field IN-BaIIA
008 - FIXED-LENGTH DATA ELEMENTS--GENERAL INFORMATION
fixed length control field 211028s9999 xx 000 0 eng d
040 ## - CATALOGING SOURCE
Transcribing agency IIA Library
080 ## - UNIVERSAL DECIMAL CLASSIFICATION NUMBER
Universal Decimal Classification number 58
Item number YB-76
110 ## - MAIN ENTRY--CORPORATE NAME
Corporate name or jurisdiction name as entry element India. Ministry of Information and Broadcasting
9 (RLIN) 3146
245 #0 - TITLE STATEMENT
Title India : a reference annual 1976
Statement of responsibility, etc. Ministry of Information and Broadcasting, Govt. of India
260 ## - PUBLICATION, DISTRIBUTION, ETC.
Place of publication, distribution, etc. New Delhi
Name of publisher, distributor, etc. Ministry of Information and Broadcasting
Date of publication, distribution, etc. 1976
300 ## - PHYSICAL DESCRIPTION
Extent viii, 486p.
650 ## - SUBJECT ADDED ENTRY--TOPICAL TERM
Topical term or geographic name entry element  India-Annual
9 (RLIN) 9033
650 ## - SUBJECT ADDED ENTRY--TOPICAL TERM
Topical term or geographic name entry element  Yearbooks 
9 (RLIN) 9034
650 ## - SUBJECT ADDED ENTRY--TOPICAL TERM
Topical term or geographic name entry element NASA Thesaurus 
942 ## - ADDED ENTRY ELEMENTS (KOHA)
Koha item type Books
Holdings
Withdrawn status Lost status Damaged status Not for loan Home library Current library Shelving location Date acquired Cost, normal purchase price Total Checkouts Full call number Barcode Date last seen Cost, replacement price Price effective from Koha item type Purchase Price
        IIA Library-Bangalore IIA Library-Bangalore General Stacks 23/11/1976 20.00   058/ YB-76 5671 05/11/2021 20.00 23/11/1976 Books Rs. 20.00

Powered by Koha